All answers start with "J" - Statistics

General Stats
  • This quiz has been taken 15 times
    13 since last reset
  • The average score is 42 of 63
Answer Stats
Hint Answer % Correct
You might put this on toast. Jam
100%
_____ Carrey, Canadian and American actor and comedian. Known primarily for his energetic slapstick performances. Most famous films include Dumb & Dumber (1994), Bruce Almighty (1994), The Truman Show (1998) & the Grinch (2000). Jim
100%
A short, catchy tune used in advertising to promote a product or brand, a simple, light, clinking sound (like bells), or a short, memorable poem or verse. Jingle
100%
A special celebration marking a significant anniversary, often for a monarch (like Silver, Gold, Platinum) or a religious event (like the Catholic Holy Year), originating from biblical laws about freedom and restoration, and now generally signifies a time of great joy, release, or commemoration for a milestone. Jubilee
100%
___ Andrews, American actress (known for 60s films such as Mary Poppins & The Sound of Music) Julie
100%
The seventh month of the Gregorian calendar, July
100%
The boy in the children's rhyme about two children who go to gather water from a well ____ fell down and broke his crown. Jack
92%
______ Chan, Hong Kong martial artist, actor and filmmaker, known for his slapstick, acrobatic fighting style, comic timing, and innovative stunts. Most famous films include the Rush Hour franchise (1998), Rumble in the Bronx (1995), and Shanghai Noon (2000). Jackie
92%
_____ Dean, American actor. Died aged 24 in age 24 years 1955 in a car accident in California. Most famous films include Rebel Without a Cause (1955) & East of Eden (1955). James
92%
______ Aniston, American actress, starred in several successful comedy films such as Office Space (1999), Bruce Almighty (2003), Marley & Me (2008), We're the Millers (2013). Jennifer
92%
_____ Carter, 39th president of the United States from 1977 to 1981. Died 2024 at the age of 100. Jimmy
92%
____ the Baptist, a Jewish preacher active in the area of the Jordan River in the early first century AD John
92%
_____ Depp, American actor most famous films include Edward Scissorhands (1990), Sleepy Hollow (1999) & Pirates of the Caribbean (2003) Johnny
92%
_____ Garland, American actress and singer whose career spanned four decades. Her most famous films include Wizard of Oz (1939) and Meet Me in St Louis (1944). Judy
92%
A healthy liquid drink made from fruit or vegetables. Juice
92%
The sixth month of the Gregorian calendar, June
92%
______ Oliver, English celebrity chef, restaurateur and cookbook author. Jamie
85%
________ Dodgers, iconic British shortbread biscuits, famous for their heart-shaped cutout revealing a fruity jam filling. Jammie
85%
____Bardem, Spanish actor. Most famous roles include the psychopathic hitman Anton Chigurh in the Coen Brothers' film No Country for Old Men (2007) & in José Menendez, the father in Monsters: The Lyle and Erik Menendez Story (2024). Javier
85%
___ Goldblum, American actor, most famous films include Independence Day (1996) & The Bill Chill (1983). Jeff
85%
______ Simpson, American singer, actress, and businesswoman. Her debut studio album, Sweet Kisses (1999), sold two million copies in the United States Jessica
85%
_____ Cricket, a talking cricket that accompanies Pinocchio in the 1940 Disney film. Jiminy
85%
____ Timberlake, American singer, songwriter, actor, record producer, and dancer. Dubbed the "Prince of Pop", he is an influential figure in popular music. Justin
85%
You might wear this if it's cold outside. Jacket
77%
Capital of Indonesia. Jakarta
77%
A Caribbean island nation, has a lush topography of mountains, rainforests and reef-lined beaches. Jamaica
77%
Four main islands form the core of the country they are; Honshu, Hokkaido, Kyushu, and Shikoku. The capital of this country is Tokyo and the population 124 million. Japan
77%
"and ___ came tumbling after". Jill
77%
The father of the above mentioned man. Joseph
77%
Tto propel oneself off the ground using legs and feet, or to move suddenly and quickly, often in surprise or excitement, Jump
77%
A geological era (201.4 to 145 million years ago) in the Mesozoic Era, famous as the "Age of Dinosaurs," featuring giants like Stegosaurus and Diplodocus, and the breakup of Pangaea Jurassic
77%
_____ the Hut, a Star Wars character who lives in a palace on the desert planet Tatooine. Jabba
69%
An ancient Greek mythological hero and leader of the Argonauts, whose quest for the Golden Fleece is featured in Greek literature. Jason
69%
One of the Greater Sunda Islands in the South East Asian country of Indonesia. Java
69%
The boxer who lost to the above mentioned boxer broke his ___ in the fight. Jaw
69%
If you travel a very long distance, you might travel in a ____. Jet
69%
A _____puzzle is a tiling puzzle that requires the assembly of irregularly shaped interlocking pieces. Jigsaw
69%
A major battle in which the United States Marine Corps and United States Navy landed on and eventually captured the island of Iwo _____ from the Imperial Japanese Army during World War II between February and March 1945. Jima
69%
__ Rogan, American podcaster. Joe
69%
South Africa's biggest city and capital of Gauteng province, began as a 19th-century gold-mining settlement. Its sprawling Soweto township was once home to Nelson Mandela and Desmond Tutu. Mandela’s former residence is now the Mandela House museum. Johannesburg
69%
If you're feeling Christmasy, you might be described as feeling _____. Jolly
69%
Country in the Middle East, capital Amman, population 11 million. Jordan
69%
Pivotal Hebrew patriarch in the Bible (Book of Genesis), son of Isaac, grandson of Abraham, and father of the twelve tribes of Israel Jacob
62%
A Prophet in the Abrahamic faiths, born in Bethlehem. Jesus
62%
From oldest to youngest, the three Abrahamic faiths are ______, Christianity & Islam. Judaism
62%
____ Paul, American professional boxer, influencer and actor. He began his career posting videos on Vine in September 2013, Jake
54%
A flavorful, one-pot Louisiana rice dish blending African, French, and Spanish influences, featuring meats (like sausage, chicken, shrimp) and vegetables (onion, celery, peppers) cooked with seasoned rice Jambalaya
54%
Spanish word for cured ham. Jamon
54%
An old city in the Middle East, first settlement began around 3000 BCE near the Gihon Spring. Jerusalem
54%
Humans have been wearing this for at least 140,000 years, with the oldest known examples being perforated shell beads worn by early humans (or possibly Neanderthals) in Morocco. Jewellery
54%
The largest naval battle of World War I, fought between May-June 1916. A massive clash between Britain's Royal Navy Grand Fleet and Germany's High Seas Fleet off Denmark, aiming to break the British blockade. Jutland
54%
The ancient port city now part of Tel Aviv, Israel. Jaffa
46%
_____ Dahmer, American serial killer, murdered a total of 17 young men and boys between 1978 and 1991. Jeffery
46%
In December 2025, the above mentioned boxer lost a fight with boxer Anthony ______ . Joshua
38%
___ Siwa, American singer, dancer, actress, and media personality. JoJo
31%
________ Wilson, English children's writer, best known for her book Tracy Beaker (1991). Jacqueline
23%
_______ Talabani, an Iraqi Kurdish politician who served as the president of Iraq from 2005 to 2014, Jalal
15%
_________ Nehru, Indian anti-colonial nationalist, secular humanist, social democrat, and statesman who was a central figure in India during the 20th century. Nehru was a principal leader of the Indian nationalist movement in the 1930s and 1940. Jawaharlal
15%
A Polish military officer and politician. He was the first President of Poland from 1989 to 1990 Wojciech ________. Jaruzelski
8%
A concentration and extermination camp established in Croatia in occupied Yugoslavia during World War II. It was established and operated by the governing Ustaše regime, who were fascists and collaborators with the Nazi regime. Some 100,000 people perished, it was liberated by Yugoslavian partisans in 1945. Jasenovac
8%
_____ Kabob, a Persian dish made with Saffron, yogurt and grilled chicken on skewers. Joojeh
8%
_______ Ito, Japanese horror manga artist. Some of his most notable works include Tomie, a series chronicling an immortal girl who drives her stricken admirers to madness; Uzumaki, a three-volume series about a town cursed by spirals; and Gyo, a two-volume story in which fish are controlled by a strain of sentient bacteria called "the death stench." Junji
8%
_____ Rafael Phoenix, American actor known for his roles as dark, unconventional and eccentric characters. Most famous roles include Joe, a traumatised war vet and hitman in You Were Never Really Here (2017) &Arthur Fleck in Joker (2019). Jaoquin
0%
No matching quizzes found
Score Distribution
Percent of People with Each Score
Percentile by Number Answered
Your Score History
You have not taken this quiz since the last reset